00570nam a2200181 a 450000100100000000500170001000800410002704000250006808200210009310000230011424500410013725000110017826000680018930000270025749000310028450400300031583000430034500003024820200930060152.0110505s1995 dr a 000 0 spa d aDO-SdBNPbspacBNPHU axxxbC968a, 19951 aSarita, Victoriano10aCultivo de ajo /cVictoriano Sarita. a2a ed. aSanto Domingo :bFundación de Desarrollo Agropecuario,c1995. a19 p. :bil. ;c28 cm.1 aBoletín técnicovno. 5 aBibliografía : p. 18-19 0aBoletín técnico ;pcultivosvno. 5